[Event "Greek Team Championship"]
[Site "chess24.com"]
[Date "2017.07.05"]
[Round "4"]
[White "Tzolas, Georgios"]
[Black "Palaskos, Marios"]
[Result "1/2-1/2"]
[Board "4"]
[WhiteElo "2015"]
[WhiteCountry "GRE"]
[WhiteFideId "4205120"]
[WhiteEloChange "-6"]
[BlackElo "1756"]
[BlackCountry "GRE"]
[BlackFideId "4222547"]
[BlackEloChange "6"]

1. d4 {[%clk 1:29:56]} Nf6 {[%clk 1:30:44]} 2. Nf3 {[%clk 1:28:39]} e6 {[%clk
1:30:35]} 3. c4 {[%clk 1:26:50]} Bb4+ {[%clk 1:30:03]} 4. Bd2 {[%clk 1:27:05]}
Qe7 {[%clk 1:29:15]} 5. a3 {[%clk 1:25:20]} Bxd2+ {[%clk 1:29:13]} 6. Qxd2 {[%clk
1:25:48]} O-O {[%clk 1:26:22]} 7. Nc3 {[%clk 1:25:34]} d6 {[%clk 1:26:41]} 8. g3
{[%clk 1:19:45]} e5 {[%clk 1:21:06]} 9. Bg2 {[%clk 1:19:05]} Nc6 {[%clk 1:10:51]}
10. d5 {[%clk 1:10:36]} Na5 {[%clk 0:54:29]} 11. Qc2 {[%clk 1:10:39]} Nxc4 {[%clk
0:51:38]} 12. O-O {[%clk 1:01:03]} c6 {[%clk 0:38:09]} 13. dxc6 {[%clk 0:56:47]}
bxc6 {[%clk 0:37:30]} 14. Ne4 {[%clk 0:45:28]} d5 {[%clk 0:31:55]} 15. Nxf6+
{[%clk 0:44:06]} Qxf6 {[%clk 0:32:08]} 16. e4 {[%clk 0:43:00]} Rb8 {[%clk
0:24:48]} 17. b3 {[%clk 0:37:21]} Na5 {[%clk 0:18:51]} 18. exd5 {[%clk 0:32:27]}
Nxb3 {[%clk 0:08:32]} 19. Rad1 {[%clk 0:21:40]} cxd5 {[%clk 0:01:37]} 20. Rxd5
{[%clk 0:09:54]} Nd4 {[%clk 0:01:01]} 21. Nxd4 {[%clk 0:09:51]} exd4 {[%clk
0:01:29]} 22. Qc5 {[%clk 0:07:13]} d3 {[%clk 0:01:00]} 23. Rxd3 {[%clk 0:07:00]}
Ba6 {[%clk 0:00:47]} 24. Rf3 {[%clk 0:07:20]} Qb6 {[%clk 0:00:45]} 25. Qxb6
{[%clk 0:07:28]} Rxb6 {[%clk 0:00:56]} 26. Re1 {[%clk 0:07:29]} Bc4 {[%clk
0:00:45]} 27. Rc3 {[%clk 0:07:33]} Be6 {[%clk 0:01:03]} 28. Bf3 {[%clk 0:06:28]}
g6 {[%clk 0:01:25]} 29. Kg2 {[%clk 0:06:48]} Rd8 {[%clk 0:00:42]} 1/2-1/2

[Event "Greek Team Championship"]
[Site "chess24.com"]
[Date "2017.07.05"]
[Round "4"]
[White "Serefidou, Despina"]
[Black "Toumbeli, Zoi"]
[Result "1-0"]
[Board "5"]
[WhiteElo "1981"]
[WhiteCountry "GRE"]
[WhiteFideId "4218787"]
[WhiteEloChange "7"]
[BlackElo "1863"]
[BlackCountry "GRE"]
[BlackFideId "4208803"]
[BlackEloChange "-7"]

1. e4 {[%clk 1:30:58]} d6 {[%clk 1:30:38]} 2. d4 {[%clk 1:31:09]} Nf6 {[%clk
1:30:54]} 3. Nc3 {[%clk 1:31:28]} g6 {[%clk 1:31:02]} 4. Be3 {[%clk 1:31:20]} Bg7
{[%clk 1:26:17]} 5. f3 {[%clk 1:31:36]} c6 {[%clk 1:24:35]} 6. Qd2 {[%clk
1:31:45]} h5 {[%clk 1:21:32]} 7. O-O-O {[%clk 1:08:01]} b5 {[%clk 1:09:34]} 8. h4
{[%clk 1:04:59]} b4 {[%clk 1:02:30]} 9. Nce2 {[%clk 1:05:08]} a5 {[%clk 1:02:30]}
10. Nf4 {[%clk 1:00:06]} Qc7 {[%clk 0:55:39]} 11. e5 {[%clk 0:52:55]} Nd5 {[%clk
0:43:53]} 12. Nxd5 {[%clk 0:44:20]} cxd5 {[%clk 0:44:15]} 13. exd6 {[%clk
0:41:32]} Qxd6 {[%clk 0:44:11]} 14. Bb5+ {[%clk 0:36:09]} Bd7 {[%clk 0:41:45]}
15. Bxd7+ {[%clk 0:35:38]} Nxd7 {[%clk 0:41:36]} 16. Bf4 {[%clk 0:31:05]} Qxf4
{[%clk 0:32:39]} 17. Qxf4 {[%clk 0:31:30]} Bh6 {[%clk 0:33:05]} 18. Nh3 {[%clk
0:30:22]} Bxf4+ {[%clk 0:32:22]} 19. Nxf4 {[%clk 0:30:48]} Nf6 {[%clk 0:28:41]}
20. Rd3 {[%clk 0:23:35]} Rc8 {[%clk 0:26:13]} 21. a3 {[%clk 0:22:06]} O-O {[%clk
0:21:34]} 22. axb4 {[%clk 0:11:11]} axb4 {[%clk 0:22:00]} 23. b3 {[%clk 0:10:15]}
Rc7 {[%clk 0:13:34]} 24. Kb2 {[%clk 0:09:55]} Rfc8 {[%clk 0:13:36]} 25. Rd2
{[%clk 0:08:57]} e6 {[%clk 0:11:44]} 26. Nd3 {[%clk 0:08:19]} Rb8 {[%clk
0:11:40]} 27. Ra1 {[%clk 0:07:57]} Nd7 {[%clk 0:10:42]} 28. Ra4 {[%clk 0:05:48]}
Rcb7 {[%clk 0:08:55]} 29. Rd1 {[%clk 0:05:10]} Nb6 {[%clk 0:07:55]} 30. Ra6
{[%clk 0:05:11]} Nd7 {[%clk 0:07:24]} 31. Rda1 {[%clk 0:05:03]} Nb6 {[%clk
0:02:29]} 32. R1a5 {[%clk 0:03:02]} Rc7 {[%clk 0:01:48]} 33. Rb5 {[%clk 0:01:46]}
Rbc8 {[%clk 0:00:38]} 34. Nc5 {[%clk 0:00:44]} Nd7 {[%clk 0:00:40]} 35. Raa5
{[%clk 0:00:37]} Nxc5 {[%clk 0:01:00]} 36. dxc5 {[%clk 0:00:53]} Rc6 {[%clk
0:00:37]} 37. c3 {[%clk 0:00:39]} bxc3+ {[%clk 0:01:00]} 38. Kxc3 {[%clk
0:01:08]} e5 {[%clk 0:01:10]} 39. b4 {[%clk 0:01:26]} R8c7 {[%clk 0:00:45]} 40.
Rb8+ {[%clk 0:30:41]} Kg7 {[%clk 0:30:51]} 41. Rd8 {[%clk 0:26:23]} d4+ {[%clk
0:19:28]} 42. Kc4 {[%clk 0:26:42]} Kf6 {[%clk 0:11:14]} 43. Rd5 {[%clk 0:25:58]}
Ke6 {[%clk 0:11:22]} 44. b5 {[%clk 0:22:32]} Rb6 {[%clk 0:11:40]} 45. Ra8 {[%clk
0:20:02]} Kf5 {[%clk 0:08:55]} 46. g3 {[%clk 0:16:11]} f6 {[%clk 0:01:46]} 47.
Kb4 {[%clk 0:13:27]} Rbb7 {[%clk 0:01:23]} 48. b6 {[%clk 0:11:04]} Ke6 {[%clk
0:00:46]} 49. Rd6+ {[%clk 0:10:55]} Ke7 {[%clk 0:00:49]} 50. Kc4 {[%clk 0:09:35]}
Rd7 {[%clk 0:00:39]} 51. Rxd7+ {[%clk 0:09:04]} Kxd7 {[%clk 0:01:08]} 52. Kd5
{[%clk 0:09:12]} Ke7 {[%clk 0:00:58]} 53. Kc6 {[%clk 0:09:13]} Rd7 {[%clk
0:00:57]} 54. b7 {[%clk 0:09:31]} d3 {[%clk 0:00:35]} 55. b8Q {[%clk 0:09:41]}
1-0

[Event "Greek Team Championship"]
[Site "chess24.com"]
[Date "2017.07.05"]
[Round "4"]
[White "Tomara, Ioanna"]
[Black "Houhouli, Hristina"]
[Result "0-1"]
[Board "6"]
[WhiteElo "1007"]
[WhiteCountry "GRE"]
[WhiteFideId "25834940"]
[WhiteEloChange "-2"]
[BlackElo "1431"]
[BlackCountry "GRE"]
[BlackFideId "4247477"]
[BlackEloChange "2"]

1. e4 {[%clk 1:30:56]} c5 {[%clk 1:30:39]} 2. Nc3 {[%clk 1:30:42]} g6 {[%clk
1:30:25]} 3. Bc4 {[%clk 1:30:07]} Bg7 {[%clk 1:29:47]} 4. Nf3 {[%clk 1:29:08]}
Nc6 {[%clk 1:29:48]} 5. d3 {[%clk 1:28:41]} Nf6 {[%clk 1:29:07]} 6. O-O {[%clk
1:27:07]} d6 {[%clk 1:27:29]} 7. Be3 {[%clk 1:25:11]} O-O {[%clk 1:27:36]} 8. h3
{[%clk 1:23:26]} a6 {[%clk 1:27:21]} 9. a3 {[%clk 1:22:46]} Be6 {[%clk 1:24:07]}
10. Nd5 {[%clk 1:22:11]} Nxd5 {[%clk 1:24:04]} 11. exd5 {[%clk 1:22:15]} Bd7
{[%clk 1:21:58]} 12. dxc6 {[%clk 1:22:25]} Bxc6 {[%clk 1:22:21]} 13. c3 {[%clk
1:22:21]} Qd7 {[%clk 1:18:46]} 14. Bb3 {[%clk 1:21:43]} b6 {[%clk 1:15:14]} 15.
Re1 {[%clk 1:20:45]} d5 {[%clk 1:14:28]} 16. d4 {[%clk 1:15:51]} c4 {[%clk
1:14:18]} 17. Bc2 {[%clk 1:15:58]} f6 {[%clk 1:10:52]} 18. Bf4 {[%clk 1:14:05]}
Rfe8 {[%clk 1:09:07]} 19. a4 {[%clk 1:10:24]} a5 {[%clk 1:08:57]} 20. Qd2 {[%clk
1:10:37]} g5 {[%clk 1:02:20]} 21. Bg3 {[%clk 1:09:19]} h6 {[%clk 0:48:03]} 22. b3
{[%clk 1:05:24]} Kf7 {[%clk 0:44:46]} 23. Qe2 {[%clk 1:02:20]} cxb3 {[%clk
0:42:56]} 24. Bxb3 {[%clk 1:01:54]} Rh8 {[%clk 0:36:16]} 25. h4 {[%clk 0:58:49]}
Qb7 {[%clk 0:31:01]} 26. Qe6+ {[%clk 0:53:55]} Kf8 {[%clk 0:31:02]} 27. c4 {[%clk
0:53:43]} Rd8 {[%clk 0:29:57]} 28. Nd2 {[%clk 0:48:18]} gxh4 {[%clk 0:28:38]} 29.
Bxh4 {[%clk 0:48:14]} Rd6 {[%clk 0:28:39]} 30. Qf5 {[%clk 0:47:05]} Bd7 {[%clk
0:27:18]} 31. Qf3 {[%clk 0:46:56]} h5 {[%clk 0:21:54]} 32. Re5 {[%clk 0:44:15]}
Bg4 {[%clk 0:21:42]} 33. Qf4 {[%clk 0:42:32]} Kg8 {[%clk 0:16:18]} 34. Rxd5
{[%clk 0:41:40]} Bh6 {[%clk 0:15:48]} 35. Bg5 {[%clk 0:40:15]} Bxg5 {[%clk
0:05:30]} 36. Rxg5+ {[%clk 0:40:39]} fxg5 {[%clk 0:04:40]} 37. c5+ {[%clk
0:40:38]} Rd5 {[%clk 0:04:41]} 38. Bxd5+ {[%clk 0:39:22]} Qxd5 {[%clk 0:04:59]}
39. Qe4 {[%clk 0:38:20]} Qxe4 {[%clk 0:02:04]} 40. Nxe4 {[%clk 1:08:45]} bxc5
{[%clk 0:31:03]} 41. dxc5 {[%clk 1:09:09]} Kg7 {[%clk 0:27:19]} 42. Nxg5 {[%clk
1:09:32]} Rc8 {[%clk 0:26:09]} 43. Rc1 {[%clk 1:09:37]} Bd7 {[%clk 0:25:27]} 44.
Ne4 {[%clk 1:09:22]} Bxa4 {[%clk 0:24:46]} 45. Nd2 {[%clk 1:08:48]} Be8 {[%clk
0:22:04]} 46. Nb3 {[%clk 1:08:39]} a4 {[%clk 0:22:04]} 47. Na5 {[%clk 1:08:21]}
Ra8 {[%clk 0:15:45]} 48. Nc4 {[%clk 1:02:50]} a3 {[%clk 0:15:08]} 49. Nd2 {[%clk
1:02:31]} a2 {[%clk 0:13:52]} 50. Nb3 {[%clk 1:02:48]} Bc6 {[%clk 0:13:06]} 51.
Na1 {[%clk 1:02:28]} Rb8 {[%clk 0:12:54]} 52. Nc2 {[%clk 1:01:36]} Rb1 {[%clk
0:13:07]} 53. Rf1 {[%clk 1:01:25]} Bb5 {[%clk 0:12:34]} 54. c6 {[%clk 1:01:07]}
Rxf1+ {[%clk 0:12:51]} 0-1

[Event "Greek Team Championship"]
[Site "chess24.com"]
[Date "2017.07.05"]
[Round "4"]
[White "Batsi, Varvara"]
[Black "Nikolakopoulou, Eleni"]
[Result "1-0"]
[Board "7"]
[WhiteElo "1133"]
[WhiteCountry "GRE"]
[WhiteFideId "25820575"]
[WhiteEloChange "8"]
[BlackElo "1065"]
[BlackCountry "GRE"]
[BlackFideId "25826620"]
[BlackEloChange "-8"]

1. d4 {[%clk 1:30:57]} d5 {[%clk 1:30:53]} 2. Bf4 {[%clk 1:31:23]} Nf6 {[%clk
1:30:45]} 3. Nf3 {[%clk 1:31:22]} c6 {[%clk 1:30:13]} 4. e3 {[%clk 1:31:22]} Bf5
{[%clk 1:30:04]} 5. c4 {[%clk 1:25:50]} e6 {[%clk 1:23:51]} 6. Qb3 {[%clk
1:18:41]} b6 {[%clk 1:21:28]} 7. Nc3 {[%clk 1:05:00]} Nbd7 {[%clk 1:19:53]} 8.
cxd5 {[%clk 1:00:10]} Nxd5 {[%clk 1:16:20]} 9. Nxd5 {[%clk 1:00:28]} cxd5 {[%clk
1:16:17]} 10. Bb5 {[%clk 0:59:43]} Be7 {[%clk 1:15:46]} 11. Ne5 {[%clk 0:59:17]}
O-O {[%clk 1:14:59]} 12. Nxd7 {[%clk 0:59:03]} Re8 {[%clk 1:14:56]} 13. Ne5
{[%clk 0:57:46]} Rf8 {[%clk 1:15:03]} 14. Nc6 {[%clk 0:56:46]} Qe8 {[%clk
1:13:06]} 15. Nxa7 {[%clk 0:53:51]} Qd8 {[%clk 1:12:54]} 16. Nc6 {[%clk 0:53:59]}
Qd7 {[%clk 1:11:33]} 17. Nxe7+ {[%clk 0:54:06]} Qxe7 {[%clk 1:11:51]} 18. O-O
{[%clk 0:54:07]} Rfc8 {[%clk 1:10:36]} 19. Rac1 {[%clk 0:53:52]} h6 {[%clk
1:09:53]} 20. Bd3 {[%clk 0:52:06]} Bxd3 {[%clk 1:08:59]} 21. Qxd3 {[%clk
0:52:29]} Qe8 {[%clk 1:09:17]} 22. a3 {[%clk 0:52:03]} Rxc1 {[%clk 1:08:50]} 23.
Rxc1 {[%clk 0:52:26]} Rc8 {[%clk 1:08:20]} 24. Rxc8 {[%clk 0:52:17]} Qxc8 {[%clk
1:08:46]} 25. Qc3 {[%clk 0:52:39]} Qa6 {[%clk 1:07:51]} 26. Qc2 {[%clk 0:51:28]}
Qa5 {[%clk 1:06:44]} 27. Qc1 {[%clk 0:48:01]} Qa6 {[%clk 1:04:20]} 28. Qd1 {[%clk
0:44:13]} Qc4 {[%clk 1:03:17]} 29. h3 {[%clk 0:43:58]} b5 {[%clk 1:03:05]} 30.
Kh2 {[%clk 0:41:50]} f5 {[%clk 1:01:19]} 31. Be5 {[%clk 0:41:32]} g6 {[%clk
1:01:00]} 32. g4 {[%clk 0:39:00]} b4 {[%clk 0:57:25]} 33. Qa4 {[%clk 0:36:19]}
Qc8 {[%clk 0:53:15]} 34. Qxb4 {[%clk 0:36:05]} Qc2 {[%clk 0:48:01]} 35. Qb8+
{[%clk 0:35:26]} Kf7 {[%clk 0:48:23]} 36. Qc7+ {[%clk 0:35:46]} Qxc7 {[%clk
0:48:37]} 37. Bxc7 {[%clk 0:36:10]} Ke7 {[%clk 0:49:04]} 38. b4 {[%clk 0:35:44]}
Kd7 {[%clk 0:49:05]} 39. Be5 {[%clk 0:35:53]} Kc6 {[%clk 0:49:14]} 40. a4 {[%clk
1:06:14]} Kb6 {[%clk 1:18:54]} 41. b5 {[%clk 1:06:28]} Kb7 {[%clk 1:18:15]} 42.
a5 {[%clk 1:06:45]} Ka7 {[%clk 1:17:12]} 43. b6+ {[%clk 1:06:44]} Kb7 {[%clk
1:17:04]} 44. Kg3 {[%clk 1:05:30]} 1-0

[Event "Greek Team Championship"]
[Site "chess24.com"]
[Date "2017.07.05"]
[Round "4"]
[White "Dalianis, Georgios"]
[Black "Tsaknakis, Zisis"]
[Result "0-1"]
[Board "8"]
[WhiteElo "1592"]
[WhiteCountry "GRE"]
[WhiteFideId "4271394"]
[WhiteEloChange "-2"]
[BlackElo "2187"]
[BlackCountry "GRE"]
[BlackFideId "4259963"]
[BlackEloChange "2"]

1. e4 {[%clk 1:30:52]} c5 {[%clk 1:28:36]} 2. b3 {[%clk 1:30:59]} b6 {[%clk
1:28:46]} 3. Bb2 {[%clk 1:30:40]} Bb7 {[%clk 1:29:08]} 4. Nc3 {[%clk 1:30:50]} e6
{[%clk 1:24:53]} 5. Nf3 {[%clk 1:29:11]} a6 {[%clk 1:22:07]} 6. a4 {[%clk
1:25:32]} Qc7 {[%clk 1:21:38]} 7. d3 {[%clk 1:18:30]} Nf6 {[%clk 1:18:34]} 8. g3
{[%clk 1:15:03]} d5 {[%clk 1:16:21]} 9. exd5 {[%clk 1:14:13]} exd5 {[%clk
1:16:43]} 10. Bg2 {[%clk 1:09:24]} d4 {[%clk 1:16:50]} 11. Nb1 {[%clk 1:08:00]}
Be7 {[%clk 1:16:53]} 12. O-O {[%clk 1:07:31]} O-O {[%clk 1:17:16]} 13. Na3 {[%clk
1:04:54]} Nbd7 {[%clk 1:13:48]} 14. Re1 {[%clk 1:03:26]} Rfe8 {[%clk 1:06:09]}
15. Nc4 {[%clk 1:00:50]} Bf8 {[%clk 1:03:20]} 16. Qd2 {[%clk 0:56:13]} b5 {[%clk
0:59:41]} 17. Rxe8 {[%clk 0:46:15]} Nxe8 {[%clk 0:53:02]} 18. axb5 {[%clk
0:40:25]} axb5 {[%clk 0:53:25]} 19. Rxa8 {[%clk 0:40:14]} Bxa8 {[%clk 0:53:49]}
20. Qe1 {[%clk 0:27:10]} Ndf6 {[%clk 0:46:24]} 21. Na3 {[%clk 0:26:19]} Bc6
{[%clk 0:41:33]} 22. Bc1 {[%clk 0:24:38]} Qb7 {[%clk 0:37:42]} 23. Nh4 {[%clk
0:24:26]} Bxg2 {[%clk 0:38:01]} 24. Nxg2 {[%clk 0:24:51]} Qa6 {[%clk 0:38:20]}
25. Qd1 {[%clk 0:19:41]} c4 {[%clk 0:34:39]} 26. Nxb5 {[%clk 0:18:30]} Qxb5
{[%clk 0:34:46]} 27. dxc4 {[%clk 0:18:57]} Qb6 {[%clk 0:34:18]} 28. Bb2 {[%clk
0:19:06]} Bc5 {[%clk 0:32:52]} 29. Nf4 {[%clk 0:18:55]} Nc7 {[%clk 0:31:08]} 30.
Nd3 {[%clk 0:17:43]} Ne6 {[%clk 0:28:50]} 31. f4 {[%clk 0:17:31]} Bf8 {[%clk
0:28:12]} 32. Kg2 {[%clk 0:16:38]} Qa5 {[%clk 0:17:13]} 33. Qe1 {[%clk 0:14:54]}
Qa8+ {[%clk 0:17:15]} 34. Kg1 {[%clk 0:15:04]} Ne4 {[%clk 0:14:33]} 35. Qa1
{[%clk 0:13:55]} Qb7 {[%clk 0:12:27]} 36. Bxd4 {[%clk 0:13:18]} Nd2 {[%clk
0:12:21]} 37. Ne1 {[%clk 0:13:06]} Qe4 {[%clk 0:09:11]} 38. Bf2 {[%clk 0:12:39]}
Qe2 {[%clk 0:09:12]} 39. Nd3 {[%clk 0:12:37]} Nf3+ {[%clk 0:07:49]} 40. Kg2
{[%clk 0:42:12]} Qe4 {[%clk 0:36:11]} 41. Qd1 {[%clk 0:36:48]} Nh4+ {[%clk
0:30:10]} 42. Kf1 {[%clk 0:35:06]} Qg2+ {[%clk 0:29:05]} 43. Ke2 {[%clk 0:35:04]}
Nf3 {[%clk 0:28:29]} 44. c3 {[%clk 0:32:36]} Nxh2 {[%clk 0:27:47]} 45. Qg1 {[%clk
0:30:38]} Qe4+ {[%clk 0:27:34]} 46. Be3 {[%clk 0:30:55]} Nc5 {[%clk 0:24:52]} 47.
Nxc5 {[%clk 0:28:00]} Bxc5 {[%clk 0:24:04]} 48. Qxh2 {[%clk 0:28:16]} Qxe3+
{[%clk 0:24:09]} 49. Kd1 {[%clk 0:28:36]} Qxc3 {[%clk 0:24:21]} 50. Qc2 {[%clk
0:27:42]} Qxg3 {[%clk 0:24:35]} 0-1

[Event "Greek Team Championship"]
[Site "chess24.com"]
[Date "2017.07.05"]
[Round "4"]
[White "Betsakos, Konstantinos"]
[Black "Argyropoulos, Theodoros"]
[Result "1-0"]
[Board "9"]
[WhiteElo "1844"]
[WhiteCountry "GRE"]
[WhiteFideId "4253337"]
[WhiteEloChange "4"]
[BlackElo "1629"]
[BlackCountry "GRE"]
[BlackFideId "4264851"]
[BlackEloChange "-4"]

1. d4 {[%clk 1:30:47]} Nf6 {[%clk 1:30:48]} 2. Nf3 {[%clk 1:31:08]} g6 {[%clk
1:31:07]} 3. Bg5 {[%clk 1:31:34]} Bg7 {[%clk 1:31:20]} 4. Nbd2 {[%clk 1:31:56]}
d5 {[%clk 1:25:01]} 5. e3 {[%clk 1:31:20]} c6 {[%clk 1:23:11]} 6. Be2 {[%clk
1:28:12]} Bg4 {[%clk 1:14:17]} 7. O-O {[%clk 1:26:41]} Nbd7 {[%clk 1:13:42]} 8.
c4 {[%clk 1:26:41]} O-O {[%clk 1:10:32]} 9. h3 {[%clk 1:24:11]} Bxf3 {[%clk
1:08:47]} 10. Nxf3 {[%clk 1:22:36]} Re8 {[%clk 1:05:26]} 11. cxd5 {[%clk
1:18:06]} cxd5 {[%clk 1:05:32]} 12. Bb5 {[%clk 1:17:47]} a6 {[%clk 0:54:10]} 13.
Ba4 {[%clk 1:17:06]} b5 {[%clk 0:53:21]} 14. Bb3 {[%clk 1:17:31]} Nb6 {[%clk
0:53:05]} 15. Bf4 {[%clk 1:06:41]} Nfd7 {[%clk 0:43:56]} 16. Ne5 {[%clk 0:53:44]}
Nxe5 {[%clk 0:41:15]} 17. dxe5 {[%clk 0:53:07]} e6 {[%clk 0:39:39]} 18. Bg3
{[%clk 0:46:49]} Nc4 {[%clk 0:36:54]} 19. Bxc4 {[%clk 0:46:49]} dxc4 {[%clk
0:26:14]} 20. Qe2 {[%clk 0:41:32]} Qc7 {[%clk 0:14:10]} 21. f4 {[%clk 0:40:47]}
Rad8 {[%clk 0:14:04]} 22. Bh4 {[%clk 0:39:55]} Rd3 {[%clk 0:09:19]} 23. Rad1
{[%clk 0:39:55]} Rxd1 {[%clk 0:09:08]} 24. Qxd1 {[%clk 0:31:25]} Bf8 {[%clk
0:09:08]} 25. Bg5 {[%clk 0:31:25]} Be7 {[%clk 0:08:01]} 26. h4 {[%clk 0:25:52]}
Bxg5 {[%clk 0:06:19]} 27. hxg5 {[%clk 0:25:51]} Rd8 {[%clk 0:06:23]} 28. Qe1
{[%clk 0:14:13]} Rd3 {[%clk 0:05:36]} 29. Rf3 {[%clk 0:13:39]} Qd8 {[%clk
0:05:27]} 30. Kh2 {[%clk 0:13:56]} Rd2 {[%clk 0:04:58]} 31. Rf2 {[%clk 0:07:07]}
Rxf2 {[%clk 0:05:08]} 32. Qxf2 {[%clk 0:07:30]} Qa5 {[%clk 0:05:28]} 33. a3
{[%clk 0:07:28]} b4 {[%clk 0:04:06]} 34. Qe1 {[%clk 0:06:41]} c3 {[%clk 0:03:55]}
35. axb4 {[%clk 0:07:03]} Qxb4 {[%clk 0:04:06]} 36. bxc3 {[%clk 0:07:25]} Qc5
{[%clk 0:02:45]} 37. Qd2 {[%clk 0:06:50]} Qc7 {[%clk 0:02:34]} 38. Kg3 {[%clk
0:06:09]} Kf8 {[%clk 0:02:02]} 39. Kf2 {[%clk 0:06:10]} Ke7 {[%clk 0:01:47]} 40.
Qd4 {[%clk 0:36:19]} a5 {[%clk 0:31:45]} 41. Ke1 {[%clk 0:33:45]} Qd8 {[%clk
0:03:39]} 42. Kd1 {[%clk 0:17:40]} Qd5 {[%clk 0:02:09]} 43. c4 {[%clk 0:11:32]}
Qa8 {[%clk 0:01:23]} 44. Qc5+ {[%clk 0:03:25]} Ke8 {[%clk 0:01:22]} 45. Qb5+
{[%clk 0:03:34]} Ke7 {[%clk 0:01:11]} 46. Qc5+ {[%clk 0:04:00]} Kd7 {[%clk
0:01:25]} 47. Qb5+ {[%clk 0:03:15]} Kc7 {[%clk 0:01:15]} 48. c5 {[%clk 0:02:55]}
Qd5+ {[%clk 0:01:14]} 49. Kc1 {[%clk 0:03:12]} Qa8 {[%clk 0:00:38]} 50. Qb6+
{[%clk 0:03:21]} Kd7 {[%clk 0:00:55]} 51. Qd6+ {[%clk 0:03:43]} Ke8 {[%clk
0:01:16]} 52. c6 {[%clk 0:03:29]} Qa6 {[%clk 0:00:55]} 53. Qb8+ {[%clk 0:03:55]}
Ke7 {[%clk 0:01:08]} 54. Qb7+ {[%clk 0:04:21]} 1-0

[Event "Greek Team Championship"]
[Site "chess24.com"]
[Date "2017.07.05"]
[Round "4"]
[White "Stefanou, Dimitrios"]
[Black "Giouvantsioudis-Mousiadis, Arist"]
[Result "1-0"]
[Board "10"]
[WhiteElo "1571"]
[WhiteCountry "GRE"]
[WhiteFideId "25825011"]
[WhiteEloChange "7"]
[BlackElo "1446"]
[BlackCountry "GRE"]
[BlackFideId "4296125"]
[BlackEloChange "-7"]

1. d4 {[%clk 1:30:52]} Nf6 {[%clk 1:30:48]} 2. c4 {[%clk 1:31:14]} c5 {[%clk
1:31:01]} 3. d5 {[%clk 1:31:37]} b5 {[%clk 1:31:11]} 4. cxb5 {[%clk 1:31:58]} a6
{[%clk 1:31:34]} 5. bxa6 {[%clk 1:32:19]} g6 {[%clk 1:31:57]} 6. Nc3 {[%clk
1:32:39]} Bg7 {[%clk 1:32:21]} 7. e4 {[%clk 1:32:45]} d6 {[%clk 1:32:35]} 8. Nf3
{[%clk 1:31:50]} O-O {[%clk 1:31:48]} 9. Bd2 {[%clk 1:29:17]} Bxa6 {[%clk
1:29:29]} 10. g3 {[%clk 1:25:32]} Bxf1 {[%clk 1:29:41]} 11. Kxf1 {[%clk 1:25:55]}
Qb6 {[%clk 1:28:22]} 12. a4 {[%clk 1:18:06]} Nbd7 {[%clk 1:22:40]} 13. Qc2 {[%clk
1:12:05]} Ng4 {[%clk 1:18:41]} 14. h3 {[%clk 1:03:09]} Bxc3 {[%clk 1:16:37]} 15.
Bxc3 {[%clk 1:02:47]} Ngf6 {[%clk 1:16:51]} 16. Kg2 {[%clk 1:02:58]} Rfb8 {[%clk
1:16:53]} 17. Rhd1 {[%clk 0:59:02]} Qb3 {[%clk 1:14:28]} 18. Qxb3 {[%clk
0:56:38]} Rxb3 {[%clk 1:14:42]} 19. Nd2 {[%clk 0:56:57]} Rb7 {[%clk 1:14:16]} 20.
f4 {[%clk 0:55:21]} c4 {[%clk 1:12:32]} 21. Kf3 {[%clk 0:52:24]} Nc5 {[%clk
1:12:33]} 22. a5 {[%clk 0:49:35]} Rc8 {[%clk 1:09:45]} 23. Ra3 {[%clk 0:41:41]}
Nfd7 {[%clk 1:04:19]} 24. e5 {[%clk 0:36:49]} Na6 {[%clk 0:55:37]} 25. exd6
{[%clk 0:33:36]} exd6 {[%clk 0:55:43]} 26. Ne4 {[%clk 0:33:49]} Rd8 {[%clk
0:53:33]} 27. Nxd6 {[%clk 0:33:48]} Rc7 {[%clk 0:53:51]} 28. Ne4 {[%clk 0:26:41]}
f5 {[%clk 0:53:47]} 29. Nf6+ {[%clk 0:25:16]} Nxf6 {[%clk 0:53:41]} 30. Bxf6
{[%clk 0:25:38]} Rb8 {[%clk 0:53:57]} 31. Be5 {[%clk 0:25:46]} Rd8 {[%clk
0:53:17]} 32. Bxc7 {[%clk 0:26:03]} Nxc7 {[%clk 0:53:40]} 33. Rc3 {[%clk
0:24:52]} Nb5 {[%clk 0:47:57]} 34. Rxc4 {[%clk 0:25:10]} Nd6 {[%clk 0:48:22]} 35.
Ra4 {[%clk 0:24:26]} Ra8 {[%clk 0:47:23]} 36. a6 {[%clk 0:23:57]} Ra7 {[%clk
0:47:43]} 37. b4 {[%clk 0:23:42]} Kf7 {[%clk 0:48:00]} 38. b5 {[%clk 0:20:56]}
Nxb5 {[%clk 0:48:05]} 39. Rb4 {[%clk 0:21:22]} Nd6 {[%clk 0:47:39]} 40. Rb6
{[%clk 0:51:35]} Rd7 {[%clk 1:16:25]} 41. a7 {[%clk 0:50:18]} 1-0

[Event "Greek Team Championship"]
[Site "chess24.com"]
[Date "2017.07.05"]
[Round "4"]
[White "Tepelenis, Nikolaos"]
[Black "Czarnota, Pawel"]
[Result "1/2-1/2"]
[Board "1"]
[WhiteElo "2084"]
[WhiteCountry "GRE"]
[WhiteFideId "4207599"]
[WhiteEloChange "8"]
[BlackElo "2557"]
[BlackTitle "GM"]
[BlackCountry "POL"]
[BlackFideId "1121219"]
[BlackEloChange "-4"]

1. d4 {[%clk 1:30:56]} Nf6 {[%clk 1:30:51]} 2. c4 {[%clk 1:31:18]} g6 {[%clk
1:31:16]} 3. Nc3 {[%clk 1:31:38]} Bg7 {[%clk 1:31:42]} 4. e4 {[%clk 1:31:55]} d6
{[%clk 1:32:05]} 5. h3 {[%clk 1:31:14]} O-O {[%clk 1:32:27]} 6. Be3 {[%clk
1:30:50]} Nbd7 {[%clk 1:26:15]} 7. Nf3 {[%clk 1:25:56]} e5 {[%clk 1:23:18]} 8. d5
{[%clk 1:24:56]} Nc5 {[%clk 1:21:42]} 9. Nd2 {[%clk 1:22:20]} a5 {[%clk 1:20:04]}
10. g4 {[%clk 0:59:40]} Ne8 {[%clk 1:13:23]} 11. Qc2 {[%clk 0:59:40]} c6 {[%clk
1:07:31]} 12. O-O-O {[%clk 0:59:40]} a4 {[%clk 1:07:31]} 13. a3 {[%clk 0:36:38]}
Bd7 {[%clk 1:03:59]} 14. Kb1 {[%clk 0:35:05]} Qa5 {[%clk 1:02:46]} 15. Rc1 {[%clk
0:23:02]} Nc7 {[%clk 1:02:08]} 16. Be2 {[%clk 0:20:48]} Rfc8 {[%clk 0:56:28]} 17.
h4 {[%clk 0:19:08]} cxd5 {[%clk 0:54:59]} 18. exd5 {[%clk 0:18:12]} Rab8 {[%clk
0:48:16]} 19. Bxc5 {[%clk 0:13:23]} Qxc5 {[%clk 0:43:49]} 20. Nde4 {[%clk
0:13:37]} Qb6 {[%clk 0:41:04]} 21. Nxa4 {[%clk 0:12:51]} Bxa4 {[%clk 0:30:36]}
22. Qxa4 {[%clk 0:13:13]} Na6 {[%clk 0:31:04]} 23. Qb5 {[%clk 0:10:51]} Qd8
{[%clk 0:28:28]} 24. c5 {[%clk 0:08:22]} dxc5 {[%clk 0:28:05]} 25. Nxc5 {[%clk
0:08:38]} Nc7 {[%clk 0:26:57]} 26. Qd7 {[%clk 0:06:17]} Nxd5 {[%clk 0:27:19]} 27.
Rhd1 {[%clk 0:04:54]} Qxd7 {[%clk 0:23:22]} 28. Nxd7 {[%clk 0:05:16]} Rxc1+
{[%clk 0:23:45]} 29. Kxc1 {[%clk 0:01:12]} Rc8+ {[%clk 0:22:38]} 30. Kb1 {[%clk
0:01:35]} Nf4 {[%clk 0:22:05]} 31. Bf3 {[%clk 0:01:16]} Rc7 {[%clk 0:22:32]} 32.
Nb6 {[%clk 0:00:40]} f5 {[%clk 0:22:39]} 33. gxf5 {[%clk 0:00:51]} gxf5 {[%clk
0:23:06]} 34. Nd5 {[%clk 0:00:45]} Nxd5 {[%clk 0:23:03]} 35. Bxd5+ {[%clk
0:01:01]} Kf8 {[%clk 0:23:31]} 36. Rc1 {[%clk 0:01:03]} Rxc1+ {[%clk 0:22:07]}
37. Kxc1 {[%clk 0:01:26]} b6 {[%clk 0:22:31]} 38. Be6 {[%clk 0:01:42]} 1/2-1/2